000
00309nam a2200133Ia 4500
008
220204s9999 xx 000 0 und d
082
_a
657.4
_b
SHU;1
100
_a
Grewal, T S
245
0
_a
Advanced accounts
250
_a
Ed.9
260
_a
New Delhi
_b
S Chand
_c
1978
700
_a
Shukla, M C
942
_c
BK
999
_c
23090
_d
23090